Detalles MARC
| 000 -CABECERA |
| campo de control de longitud fija |
01137cam a2200229 a 4500 |
| 001 - NÚMERO DE CONTROL |
| campo de control |
000007292 |
| 005 - FECHA Y HORA DE LA ÚLTIMA TRANSACCIÓN |
| campo de control |
20200929154125.0 |
| 008 - DATOS DE LONGITUD FIJA--INFORMACIÓN GENERAL |
| campo de control de longitud fija |
990907s1999 mx a b 001 0 spa d |
| 040 ## - FUENTE DE LA CATALOGACIÓN |
| Centro catalogador/agencia de origen |
DO-SdBNP |
| Centro/agencia transcriptor |
FQG |
| Centro/agencia modificador |
DLC |
| 082 ## - NÚMERO DE LA CLASIFICACIÓN DECIMAL DEWEY |
| Número de clasificación |
920. |
| Número de documento/Ítem |
M539t |
| 100 1# - ENTRADA PRINCIPAL--NOMBRE DE PERSONA |
| Nombre de persona |
Mendoza, Francisco de, |
| Títulos y otros términos asociados al nombre |
Cardenal, Obispo, |
| Fechas asociadas al nombre |
1508-1566. |
| 9 (RLIN) |
20247 |
| 245 13 - MENCIÓN DE TÍTULO |
| Título |
El tizón de la nobleza de España / |
| Mención de responsabilidad, etc. |
por el Cardenal Francisco de Mendoza y Bovadilla ; introducción, Armando Mauricio Escobar Olmedo ; prólogo, Fredo Arias de la Canal. |
| 260 ## - PUBLICACIÓN, DISTRIBUCIÓN, ETC. |
| Lugar de publicación, distribución, etc. |
Mexico : |
| Nombre del editor, distribuidor, etc. |
Frente de Afirmación Hispanista, |
| Fecha de publicación, distribución, etc. |
1999. |
| 300 ## - DESCRIPCIÓN FÍSICA |
| Extensión |
xlix, 235 p. : |
| Otras características físicas |
il. ; |
| Dimensiones |
23 cm. |
| 500 ## - NOTA GENERAL |
| Nota general |
Publicado originalmente en el año 1880 como: El Tizón de la nobleza o española, máculas y sambenitos de sus linajes. |
| 504 ## - NOTA DE BIBLIOGRAFÍA, ETC. |
| Nota de bibliografía, etc. |
Includes bibliographical references (p. 176-185) and index. |
| 650 #0 - PUNTO DE ACCESO ADICIONAL DE MATERIA--TÉRMINO DE MATERIA |
| Término de materia o nombre geográfico como elemento de entrada |
Titles of honor and nobility |
| Subdivisión geográfica |
Spain |
| Subdivisión de forma |
Early works to 1800. |
| 9 (RLIN) |
20248 |
| 650 #0 - PUNTO DE ACCESO ADICIONAL DE MATERIA--TÉRMINO DE MATERIA |
| Término de materia o nombre geográfico como elemento de entrada |
Nobility |
| Subdivisión geográfica |
Spain |
| Subdivisión de forma |
Genealogy |
| -- |
Early works to 1800. |
| 9 (RLIN) |
20249 |
| 700 1# - PUNTO DE ACCESO ADICIONAL--NOMBRE DE PERSONA |
| Nombre de persona |
Escobar Olmedo, Armando M. |
| Forma completa/desarrollada del nombre |
(Armando Mauricio). |
| 9 (RLIN) |
20250 |
| 700 1# - PUNTO DE ACCESO ADICIONAL--NOMBRE DE PERSONA |
| Nombre de persona |
Arias de la Canal, Fredo, |
| Término indicativo de función/relación |
pról. |
| 9 (RLIN) |
8096 |
| 910 ## - DATOS DE OPCIÓN DEL USUARIO (OCLC) |
| Datos de opción del usuario |
Catalogación por copia / LC |